مر د عو ر ت کا ر شتہ (Record no. 174879)

MARC details
000 -LEADER
fixed length control field 00604nam a22001937a 4500
005 - DATE AND TIME OF LATEST TRANSACTION
control field 20200720145243.0
010 ## - LCCN (DPL NO)
LC control number A-645003
020 ## - INTERNATIONAL STANDARD BOOK NUMBER
Terms of availability 100.00
International Standard Book Number -
035 ## - SYSTEM CONTROL NUMBER
System control number A-645003
037 ## - SOURCE OF ACQUISITION
Source of stock number/acquisition BPPD/PUB
Stock number -
082 ## - DEWEY DECIMAL CLASSIFICATION NUMBER
Classification number 305.4
100 ## - MAIN ENTRY--PERSONAL NAME
Personal name کشو ر نا ہيد
245 ## - TITLE STATEMENT
Title مر د عو ر ت کا ر شتہ
Statement of responsibility, etc کشو ر نا ہيد
246 ## - VARYING FORM OF TITLE
Remainder of title Aurat Mard Ka Rishta (Urdu)
Title proper/short title by Kishwer Naheed
260 ## - PUBLICATION, DISTRIBUTION, ETC. (IMPRINT)
Place of publication, distribution, etc New Delhi
Name of publisher, distributor, etc Adab Publications
Date of publication, distribution, etc 1994 ء
270 ## - ADDRESS
Address 364 A,Chirag Delhi
City N.Delhi
Postal code 110017
Telephone number -
Fax number -
300 ## - PHYSICAL DESCRIPTION
Extent 248 ص
Dimensions 22 Cm(Hb)
942 ## - ADDED ENTRY ELEMENTS (KOHA)
Source of classification or shelving scheme Dewey Decimal Classification
Item type Urdu Bks
Classification part 305.4
Call number suffix ع و ر
Holdings
Withdrawn status Lost status Not for loan Collection code Home library Current library Date acquired Source of acquisition Cost, normal purchase price Full call number Barcode Copy number Cost, replacement price Koha item type
      Non-fiction Central Library Central Library 20/07/2020 BPPD/Ven. 100.00 305.4 ع و ر A-645003 1 100.00 Urdu Bks

© Delhi Public Library
Hit Counter
free hit counter